ՀՀ Գիտությունների ազգային ակադեմիայի հիմնարար գիտական գրադարան  =   Fundamental Scientific Library of NAS RA

Хуарес / (Record no. 274417)

MARC details
000 -LEADER
fixed length control field 00957nam a2200241 u 4500
001 - CONTROL NUMBER
control field 000741950
003 - CONTROL NUMBER IDENTIFIER
control field AM-YeHGA
005 - DATE AND TIME OF LATEST TRANSACTION
control field 20250617143409.0
008 - FIXED-LENGTH DATA ELEMENTS--GENERAL INFORMATION
fixed length control field 100609s1969 |||| |||||||||||||rus d
040 ## - CATALOGING SOURCE
Original cataloging agency AM-YeHGA
041 0# - LANGUAGE CODE
Language code of text/sound track or separate title rus
090 ## - LOCALLY ASSIGNED LC-TYPE CALL NUMBER (OCLC); LOCAL CALL NUMBER (RLIN)
-- 276061
100 1# - MAIN ENTRY--PERSONAL NAME
Personal name Лаврецкий, Иосиф Ромуальдович
245 10 - TITLE STATEMENT
Title Хуарес /
Statement of responsibility, etc. И.Р. Лаврецкий; Ред. М. Брухнов.
260 ## - PUBLICATION, DISTRIBUTION, ETC.
Place of publication, distribution, etc. Москва :
Name of publisher, distributor, etc. Молодая гвардия,
Date of publication, distribution, etc. 1969.
300 ## - PHYSICAL DESCRIPTION
Extent 224 стр. :
Other physical details илл., портр. ;
Dimensions 22 см.
440 #0 - SERIES STATEMENT/ADDED ENTRY--TITLE
Title Жизнь замечательных людей
Name of part/section of a work Серия биографий
Volume/sequential designation Вып. 10 (470)
600 14 - SUBJECT ADDED ENTRY--PERSONAL NAME
Personal name Хуарес, Бенито Пабло
Dates associated with a name 1806-1872
650 14 - SUBJECT ADDED ENTRY--TOPICAL TERM
Topical term or geographic name entry element История
Geographic subdivision Мексика
650 14 - SUBJECT ADDED ENTRY--TOPICAL TERM
Topical term or geographic name entry element Государственные и политические деятели Мексики - 19 в.
700 1# - ADDED ENTRY--PERSONAL NAME
Personal name Брухнов, М.
Relator term ред.
Relationship edt
942 ## - ADDED ENTRY ELEMENTS (KOHA)
Source of classification or shelving scheme Universal Decimal Classification
Koha item type Գրքեր / Books
Holdings
Withdrawn status Lost status Damaged status Not for loan Collection Home library Current library Date acquired Total checkouts Full call number Barcode Date last seen Price effective from Koha item type Public note
        General Fundamental Scientific Library Fundamental Scientific Library 29/12/2016   PII/485858 FL0266994 29/12/2016 29/12/2016 Գրքեր / Books 30 Days Loan


ՀՀ ԳԱԱ հիմնարար գիտական գրադարան
ՀՀ,Երևան 0019
Մարշալ Բաղրամյան 24/6
հեռախոս:(374-10) 52-47-50
Հետադարձ կապ

All site content, except where otherwise noted, is licensed under a
Creative Commons License